Kit kombat Islam untuk remaja
| Main Author: | |
|---|---|
| Format: | Book |
| Published: |
Pahan :
PTS Publications ,
2002
|
| Subjects: |
MARC
| LEADER | 00000cam a2200000 7i4500 | ||
|---|---|---|---|
| 001 | 0000012237 | ||
| 005 | 20050628.0 | ||
| 020 | |a 9832311330 | ||
| 040 | |a INS | ||
| 090 | 0 | 0 | |a BP188.18. |b D22 2002 |
| 100 | 1 | |a Dr Danial Zailan Abidin | |
| 245 | 1 | 0 | |a Kit kombat Islam untuk remaja |c Dr Danial Zailan Abidin |
| 260 | |a Pahan : |b PTS Publications , |c 2002 | ||
| 300 | |a iip : |b 166p ; |c 21cm. | ||
| 650 | 0 | 0 | |a Islam mission |x Youth Religions aspects |y Islam |
| 999 | |a 0000011101 |b BOOK |c Open Shelf |e Default branch | ||